Responses for Show #3089 - Thursday, January 22, 1998

Contestants

[<< previous game]

Lynne Kenyon, a high school teacher from Olympia, Washington

Elizabeth Hoppe, an optometrist and college professor from Fullerton, California

Ron Hankey, an operations research analyst from Falls Church, Virginia (whose 1-day cash winnings total $7,401)

[next game >>]

Jeopardy! Round responses

RELIGION
MISS MANNERS' MANNERS
CATCHPHRASES
ALL MY CHILDREN
(Alex: Yes, the soap!)
WATER, WATER EVERYWHERE
NOT A DROP TO DRINK
    $100 6
Sheba

Elizabeth
    $100 14
Thank You notes

Elizabeth
    $100 11
"Show me the money!"

Lynne
    $100 24
(about a minute to go...)

Emmy

Lynne
    $100 1
Pacific Ocean

Ron
    $100 19
Alcoholics Anonymous

Elizabeth
    $200 7
Mormons (LDS)

Elizabeth
    $200 15
Knuckles

Lynne
    $200 12
(E: What are hellfire & damnation?)
(Alex: (at break) Elizabeth, the response you gave a few minutes ago is also acceptable.)

Fire & brimstone

RonElizabeth
    $200 27
Mayflower

Elizabeth
    $200 2
(E: What is Lake Superior?)

Lake Michigan

RonElizabeth
    $200 20
(E: What is tee-totaler?)

Dry

Elizabeth
Triple Stumper
    $300 8
Baptism

Lynne
    $300 16
Gloves

Elizabeth
    $300 13
Break a leg

Elizabeth
    $300 28
25th

Lynne
    $300 3
(R: What is the Po?)

Tiber

RonLynne
    $300 21
Rum

Lynne
    $400 9
Kaaba

Triple Stumper
    $400 17
White shoes

Elizabeth
    $400 25
Chips

Lynne
    $400 30
Carol Burnett

Lynne
    $500 4
Volga (city renamed Volgograd)

Lynne
    $400 22
Mississippi

Lynne
    $500 10
(E: Who are the Baptists?)

Lutheranism

Elizabeth
Triple Stumper
    $500 18
Guest towels

Elizabeth
    $500 26
The catbird's seat

Elizabeth
    $500 29
Kim Delaney

Triple Stumper
    $500 5
(E: What is the Black Sea?)

Sea of Marmara

RonElizabeth
    $500 23
Pete Hamill

Triple Stumper

Scores at the first commercial break (after clue 14):

Ron Elizabeth Lynne
$700 -$300 $1,200

Scores at the end of the Jeopardy! Round:

Ron Elizabeth Lynne
$700 $1,500 $3,300

Double Jeopardy! Round responses

THE TYLER ADMINISTRATION
FINN FUN
FILM STARS
SOUP DU JOUR
ROBERT FROST SAYS...
"T" TIME!
    $200 1
Texas

Lynne
    $200 6
Sauna

Lynne
    $200 23
(we have less than a minute to go...)

Julia Roberts

Ron
    $200 13
Tail

Ron
    $200 21
Roads

Lynne
    $200 8
Timber

Lynne
    $400 2
Daniel Webster

Ron
    $400 7
Lapps/Laplanders

Elizabeth
    $400 26
Mel Gibson

Lynne
    $400 17
Belgium

Ron
    $400 22
Wall

Triple Stumper
    $400 9
Telly

Elizabeth
    $600 3
(R: What is the Minuteman Memorial?)

Bunker Hill Memorial

Ron
Triple Stumper
    $600 14
Finlandia

Triple Stumper
    $600 18
Gazpacho

Ron
    $600 24
John F. Kennedy

Ron
    $600 10
Twister

Lynne
    $800 4
(Elizabeth: What is "What God hath wrought"?)

"What hath God wrought"

RonElizabeth
    $800 15
(R: Who is Lasse Viren?)

Paavo Nurmi

Ron
Triple Stumper
    $800 19
Mulligatawny

Lynne
    $500 25
(R: What is "Miles to go before I sleep?")
(Alex: We'll accept that.)

"And miles to go before I sleep"

Ron
    $800 11
Tadpole

Elizabeth
    $1000 5
Whigs

Ron
    $1000 16
(L: Who is Sarrien?)

Eliel Saarinen

Lynne
Triple Stumper
    $1000 27
(buzzer sounds)

Jodie Foster

Ron
    $1000 20
(E: What is vichyssoise?)

Bouillabaisse

RonElizabeth
    $1000 12
Toon

Elizabeth

Scores at the end of the Double Jeopardy! Round:

Ron Elizabeth Lynne
$6,000 $2,300 $4,900

[wagering suggestions for these scores]

Final Jeopardy! Round responses

SYNTHETICS
(Alex: Don't ya love it!)
(Alex: Ron, enjoy the show tomorrow with our sportscasters; we'll see you back here on Monday.)
ElizabethWhat is salt substitute -- Mrs. Dash?
$2,210
LynneWhat is Corian?
$4,899
RonWhat is Formica?
$3,801
Formica

Final scores:

Ron Elizabeth Lynne
$9,801 $90 $1
2-day champion: $17,202 2nd place: Trip to Mariott's Las Palmas Resort in Rancho Mirage, California 3rd place: Trip on Amtrak's Coast Starlight between Los Angeles & Seattle

Game dynamics:

Coryat scores:

Ron Elizabeth Lynne
$6,300 $2,300 $4,800
15 R
(including 1 DD),
3 W
15 R,
6 W
18 R
(including 1 DD),
1 W

Combined Coryat: $13,400

[game] [game scores] [suggest correction]

Game tape date: Unknown
The J! Archive is created by fans, for fans. Scraping, republication, monetization, and malicious use prohibited; this site may use cookies and collect identifying information. See terms. The Jeopardy! game show and all elements thereof, including but not limited to copyright and trademark thereto, are the property of Jeopardy Productions, Inc. and are protected under law. This website is not affiliated with, sponsored by, or operated by Jeopardy Productions, Inc. Join the discussion at JBoard.tv.